[Event "Hofheim Spring op-A 5th"]
[Site "Hofheim"]
[Date "2017.04.08"]
[Round "3"]
[White "Kreiling, Carsten"]
[Black "Engel, Berthold"]
[Result "0-1"]
[WhiteElo "2057"]
[BlackElo "2177"]
[PlyCount "96"]
[EventDate "2017.04.07"]
[EventType "swiss"]
[EventRounds "9"]
[EventCountry "GER"]
[SourceTitle "CBM 177 Extra"]
[Source "ChessBase"]
[SourceDate "2017.04.27"]
[SourceVersion "1"]
[SourceVersionDate "2017.04.27"]
[SourceQuality "1"]

1. d4 e6 2. c4 Bb4+ 3. Bd2 Bxd2+ 4. Qxd2 Nf6 5. Nc3 d6 6. g3 0-0 7. Bg2 Qe7 8. e4 e5 9. d5 c5 10. dxc6 bxc6 11. Nge2 c5 12. Rd1 Rd8 13. Nd5 Nxd5 14. cxd5 Ba6 15. 0-0 Nd7 16. Rfe1 Bxe2 17. Rxe2 Rdb8 18. f4 Rb4 19. Qc3 Re8 20. a3 Rb5 21. Bf1 Qd8 22. f5 Qb8 23. Qd2 Nf6 24. g4 Rb3 25. h3 Qb6 26. Rc1 Rb8 27. Rc2 h6 28. Kh2 Qd8 29. Re3 Nh7 30. Rxb3 Rxb3 31. Rc3 Rb8 32. Kg3 Qb6 33. b3 Nf6 34. Qe3 Qa5 35. Bg2 Qxa3 36. h4 Rb4 37. Bf3 Qb2 38. Rd3 Rd4 39. g5 hxg5 40. hxg5 Nh7 41. f6 Rxd3 42. Qxd3 Nxg5 43. fxg7 Qc1 44. Kg2 Qf4 45. Qe2 Qxf3+ 46. Qxf3 Nxf3 47. Kxf3 Kxg7 48. Kg4 Kf6 0-1

[Event "Heusenstamm Sparkassen op-A 3rd"]
[Site "Heusenstamm"]
[Date "2016.11.25"]
[Round "2"]
[White "Bachmann, Nick"]
[Black "Kreiling, Carsten"]
[Result "0-1"]
[WhiteElo "1803"]
[BlackElo "2065"]
[PlyCount "46"]
[EventDate "2016.11.24"]
[EventType "swiss"]
[EventRounds "7"]
[EventCountry "GER"]
[SourceTitle "EXT 2018"]
[Source "ChessBase"]
[SourceDate "2017.10.13"]
[SourceVersion "1"]
[SourceVersionDate "2017.10.13"]
[SourceQuality "1"]

1. e4 c5 2. c3 d6 3. d4 Nf6 4. dxc5 Nc6 5. Qc2 dxc5 6. Nf3 e6 7. Be2 Be7 8. 0-0 0-0 9. Bf4 Nh5 10. Rd1 Qe8 11. Qd2 Nxf4 12. Qxf4 f6 13. Na3 Kh8 14. Bc4 a6 15. e5 b5 16. Nxb5 axb5 17. Bxb5 f5 18. Qc4 Bd7 19. b4 Na5 20. Rxd7 Nxc4 21. Rb7 Rb8 22. Bxe8 Rxb7 23. Bc6 Rb6 0-1

[Event "Hofheim Spring op-A 4th"]
[Site "Hofheim"]
[Date "2016.03.31"]
[Round "4"]
[White "Kreiling, Carsten"]
[Black "Weishaeutel, Moritz"]
[Result "1-0"]
[WhiteElo "2065"]
[BlackElo "1987"]
[PlyCount "81"]
[EventDate "2016.03.29"]
[EventType "swiss"]
[EventRounds "9"]
[EventCountry "GER"]
[SourceTitle "CBM 171 Extra"]
[Source "ChessBase"]
[SourceDate "2016.04.26"]
[SourceVersion "1"]
[SourceVersionDate "2016.04.26"]
[SourceQuality "1"]

1. d4 d5 2. c4 e6 3. Nc3 Nf6 4. Bg5 Be7 5. e3 0-0 6. Nf3 h6 7. Bh4 Ne4 8. Bxe7 Qxe7 9. Qc2 Nxc3 10. Qxc3 b6 11. cxd5 exd5 12. Rc1 c6 13. Be2 Bb7 14. 0-0 Nd7 15. b4 a5 16. b5 c5 17. dxc5 Nxc5 18. Qe5 Qd7 19. Nd4 Rfe8 20. Qf5 Qd6 21. Rfd1 Rac8 22. Bf3 Ne4 23. Bxe4 dxe4 24. Nc6 Qa3 25. Rc2 Bxc6 26. bxc6 Qa4 27. Rdc1 Rc7 28. h4 Rec8 29. Qd5 Qb4 30. Rc4 Qb2 31. a4 Re8 32. Qd4 Qxd4 33. exd4 f5 34. Rb1 f4 35. Kf1 Re6 36. Rxb6 e3 37. Ke2 Kh7 38. d5 Rd6 39. Rc5 f3+ 40. gxf3 exf2 41. Rb7 1-0

[Event "Hofheim Spring op-A 4th"]
[Site "Hofheim"]
[Date "2016.03.29"]
[Round "1"]
[White "Weber, Ulrich"]
[Black "Kreiling, Carsten"]
[Result "1-0"]
[WhiteElo "2389"]
[BlackElo "2065"]
[PlyCount "113"]
[EventDate "2016.03.29"]
[EventType "swiss"]
[EventRounds "9"]
[EventCountry "GER"]
[SourceTitle "CBM 171 Extra"]
[Source "ChessBase"]
[SourceDate "2016.04.26"]
[SourceVersion "1"]
[SourceVersionDate "2016.04.26"]
[SourceQuality "1"]

1. Nf3 c5 2. g3 Nf6 3. Bg2 g6 4. 0-0 Bg7 5. d4 cxd4 6. Nxd4 Nc6 7. Nb3 0-0 8. Nc3 d6 9. h3 Rb8 10. Re1 Bd7 11. e4 b5 12. Nd5 a5 13. Be3 a4 14. Nd4 Nxd4 15. Bxd4 Nxd5 16. exd5 Re8 17. Bxg7 Kxg7 18. Qd2 Rc8 19. Re4 e5 20. dxe6 Rxe6 21. Rd4 Qe7 22. Bf1 Re8 23. Rh4 h5 24. Rd1 Kg8 25. c3 Bc6 26. Rf4 Ba8 27. Bg2 Re2 28. Qxd6 Bxg2 29. Kxg2 Qb7+ 30. Qd5 Qxd5+ 31. Rxd5 Rxb2 32. Rd7 f5 33. Rb7 Re4 34. Rf3 Ree2 35. a3 Kf8 36. g4 hxg4 37. hxg4 Re7 38. Rb6 Rf7 39. g5 Rb3 40. Rxg6 Rxa3 41. Rb6 Kg7 42. Rxb5 Kg6 43. Rg3 f4 44. Rd3 Rf5 45. Rxf5 Kxf5 46. Rd5+ Kg6 47. Rc5 Ra2 48. Kf3 Rc2 49. Ra5 Rxc3+ 50. Kg4 a3 51. Ra6+ Kg7 52. Kxf4 Rc2 53. Kg3 a2 54. f4 Rb2 55. f5 Rb5 56. Ra7+ Kf8 57. Kg4 1-0

[Event "Heusenstamm Sparkassen op-A 2nd"]
[Site "Heusenstamm"]
[Date "2015.11.29"]
[Round "6"]
[White "Kreiling, Carsten"]
[Black "Blosze, Winfried"]
[Result "1-0"]
[WhiteElo "2081"]
[BlackElo "1865"]
[PlyCount "49"]
[EventDate "2015.11.26"]
[EventType "swiss"]
[EventRounds "7"]
[EventCountry "GER"]
[SourceTitle "EXT 2018"]
[Source "ChessBase"]
[SourceDate "2017.10.13"]
[SourceVersion "1"]
[SourceVersionDate "2017.10.13"]
[SourceQuality "1"]

1. d4 Nf6 2. c4 g6 3. Nc3 d5 4. cxd5 Nxd5 5. e4 Nxc3 6. bxc3 Bg7 7. Nf3 0-0 8. Rb1 c5 9. Be2 Qa5 10. 0-0 Qxa2 11. Bg5 f6 12. Be3 cxd4 13. cxd4 Qa5 14. d5 Qd8 15. Nd4 a6 16. Qa4 a5 17. Ne6 Bxe6 18. dxe6 Nc6 19. Rxb7 Qc8 20. Rd7 Ne5 21. Rxe7 Re8 22. Rxe8+ Qxe8 23. Qxe8+ Rxe8 24. f4 Nc6 25. Rc1 1-0

[Event "Wiesbaden op 27th"]
[Site "Wiesbaden"]
[Date "2015.08.30"]
[Round "6"]
[White "Kersten, Uwe"]
[Black "Kreiling, Carsten"]
[Result "1-0"]
[WhiteElo "2300"]
[BlackElo "2072"]
[PlyCount "67"]
[EventDate "2015.08.27"]
[EventType "swiss"]
[EventRounds "7"]
[EventCountry "GER"]
[SourceTitle "EXT 2016"]
[Source "ChessBase"]
[SourceDate "2015.10.08"]
[SourceVersion "1"]
[SourceVersionDate "2015.10.08"]
[SourceQuality "1"]

1. Nf3 c5 2. c4 Nc6 3. d4 cxd4 4. Nxd4 g6 5. e4 Bg7 6. Be3 Nf6 7. Nc3 Ng4 8. Qxg4 Nxd4 9. Qd1 e5 10. Nb5 0-0 11. Qd2 Nxb5 12. cxb5 d5 13. exd5 Bf5 14. Bc4 e4 15. 0-0 Be5 16. Bf4 Qd6 17. Bxe5 Qxe5 18. Rfe1 Rfe8 19. Rac1 Rad8 20. Qc3 h5 21. Qxe5 Rxe5 22. Bb3 Kf8 23. Rc7 Rd7 24. Rc8+ Kg7 25. Rc3 Kf6 26. Rce3 Ree7 27. h4 Ke5 28. f3 Rc7 29. Kf2 Rc5 30. g4 hxg4 31. fxg4 Rxb5 32. gxf5 gxf5 33. Rd1 f4 34. Rxe4+ 1-0

[Event "Wiesbaden op 27th"]
[Site "Wiesbaden"]
[Date "2015.08.28"]
[Round "2"]
[White "Kreiling, Carsten"]
[Black "Ley, Sabrina"]
[Result "1/2-1/2"]
[WhiteElo "2072"]
[BlackElo "1833"]
[PlyCount "41"]
[EventDate "2015.08.27"]
[EventType "swiss"]
[EventRounds "7"]
[EventCountry "GER"]
[SourceTitle "EXT 2016"]
[Source "ChessBase"]
[SourceDate "2015.10.08"]
[SourceVersion "1"]
[SourceVersionDate "2015.10.08"]
[SourceQuality "1"]

1. d4 d5 2. c4 dxc4 3. e4 Nf6 4. e5 Nd5 5. Bxc4 Nb6 6. Bd3 Nc6 7. Ne2 Bg4 8. f3 Bd7 9. Be3 Nb4 10. Be4 c6 11. Nd2 N4d5 12. Bf2 f5 13. exf6 exf6 14. 0-0 f5 15. Bd3 Be7 16. f4 0-0 17. Nf3 Rc8 18. Rc1 Be6 19. a3 Nf6 20. Qc2 Ng4 21. b4 1/2-1/2

[Event "Hofheim Spring op-A 3rd"]
[Site "Hofheim"]
[Date "2015.04.11"]
[Round "9"]
[White "Hansson, Hakan"]
[Black "Kreiling, Carsten"]
[Result "0-1"]
[WhiteElo "1987"]
[BlackElo "2097"]
[PlyCount "67"]
[EventDate "2015.04.07"]
[EventType "swiss"]
[EventRounds "9"]
[EventCountry "GER"]
[SourceTitle "EXT 2016"]
[Source "ChessBase"]
[SourceDate "2015.10.08"]
[SourceVersion "1"]
[SourceVersionDate "2015.10.08"]
[SourceQuality "1"]

1. d4 Nf6 2. Nf3 c5 3. e3 g6 4. Be2 Bg7 5. 0-0 0-0 6. c3 b6 7. Ne5 Bb7 8. f4 Qc7 9. Bf3 d6 10. Bxb7 Qxb7 11. Qf3 Qd5 12. Nd3 Qxf3 13. Rxf3 Nc6 14. Nd2 cxd4 15. exd4 b5 16. Nf1 b4 17. Ne3 bxc3 18. bxc3 Ne4 19. Bb2 Rab8 20. Re1 f5 21. Nd5 e6 22. Nc7 Kf7 23. d5 exd5 24. Nxd5 Rb5 25. Ne3 Bxc3 26. Bxc3 Nxc3 27. Nc4 Rd5 28. Nb4 Nxb4 29. Rxc3 Re8 30. Rb1 a5 31. g3 Nd3 32. Rd1 Nxf4 33. Nxd6+ Rxd6 34. Rc7+ 0-1

[Event "Hofheim Spring op-A 3rd"]
[Site "Hofheim"]
[Date "2015.04.11"]
[Round "8"]
[White "Kreiling, Carsten"]
[Black "Weishaeutel, Moritz"]
[Result "1/2-1/2"]
[WhiteElo "2097"]
[BlackElo "1915"]
[PlyCount "39"]
[EventDate "2015.04.07"]
[EventType "swiss"]
[EventRounds "9"]
[EventCountry "GER"]
[SourceTitle "CBM 166 Extra"]
[Source "ChessBase"]
[SourceDate "2015.06.18"]
[SourceVersion "1"]
[SourceVersionDate "2015.06.18"]
[SourceQuality "1"]

1. d4 Nf6 2. c4 e6 3. Nf3 d5 4. Nc3 Be7 5. Bg5 0-0 6. e3 Nbd7 7. cxd5 exd5 8. Qc2 c6 9. Bd3 Re8 10. 0-0 Nf8 11. Bxf6 Bxf6 12. b4 Bg4 13. Nd2 Re6 14. Rfc1 Be7 15. Rab1 Rh6 16. Bf5 Bxf5 17. Qxf5 Bd6 18. h3 Rf6 19. Qd3 Rg6 20. Nf3 1/2-1/2

[Event "Hofheim Spring op-A 3rd"]
[Site "Hofheim"]
[Date "2015.04.09"]
[Round "5"]
[White "Cichy, Michael"]
[Black "Kreiling, Carsten"]
[Result "1/2-1/2"]
[WhiteElo "2008"]
[BlackElo "2097"]
[PlyCount "46"]
[EventDate "2015.04.07"]
[EventType "swiss"]
[EventRounds "9"]
[EventCountry "GER"]
[SourceTitle "CBM 166 Extra"]
[Source "ChessBase"]
[SourceDate "2015.06.18"]
[SourceVersion "1"]
[SourceVersionDate "2015.06.18"]
[SourceQuality "1"]

1. d4 Nf6 2. Nf3 c5 3. d5 e6 4. Nc3 exd5 5. Nxd5 Nxd5 6. Qxd5 Nc6 7. c3 d6 8. Bf4 Be6 9. Qd2 d5 10. e3 Bd6 11. Bxd6 Qxd6 12. Be2 0-0 13. 0-0 Rad8 14. Rfd1 Qe7 15. Qc2 f6 16. h3 Ne5 17. Qa4 b6 18. Qh4 Qf7 19. Rd2 Qc7 20. Rad1 Ng6 21. Qa4 Ne5 22. Qh4 Ng6 23. Qa4 Ne5 1/2-1/2

[Event "Heusenstamm Schloss op 1st"]
[Site "Heusenstamm"]
[Date "2014.11.23"]
[Round "7"]
[White "Kreiling, Carsten"]
[Black "Keller, Alexander"]
[Result "1/2-1/2"]
[WhiteElo "2097"]
[BlackElo "1963"]
[PlyCount "66"]
[EventDate "2014.11.20"]
[EventType "swiss"]
[EventRounds "7"]
[EventCountry "GER"]
[SourceTitle "CBM 163 Extra"]
[Source "ChessBase"]
[SourceDate "2014.12.23"]
[SourceVersion "1"]
[SourceVersionDate "2014.12.23"]
[SourceQuality "1"]

1. d4 Nf6 2. c4 e6 3. Nf3 Bb4+ 4. Bd2 c5 5. Bxb4 cxb4 6. Nbd2 0-0 7. g3 d5 8. Bg2 Nc6 9. 0-0 Re8 10. e3 b6 11. Ne5 Bb7 12. f4 Rc8 13. b3 Ne7 14. g4 Rc7 15. g5 Nd7 16. Qh5 Rf8 17. Bh3 Nf5 18. Bxf5 exf5 19. Rf3 g6 20. Qh6 f6 21. Rh3 Nxe5 22. fxe5 fxe5 23. Nf3 exd4 24. Nxd4 Qe7 25. Rc1 dxc4 26. Rxc4 Rxc4 27. bxc4 Rc8 28. Nxf5 gxf5 29. g6 Qg7 30. Qxg7+ Kxg7 31. Rxh7+ Kxg6 32. Rxb7 Rxc4 33. Rxa7 b3 1/2-1/2

[Event "Heusenstamm Schloss op 1st"]
[Site "Heusenstamm"]
[Date "2014.11.22"]
[Round "5"]
[White "Kreiling, Carsten"]
[Black "Nixdorf, Andre"]
[Result "1/2-1/2"]
[WhiteElo "2097"]
[BlackElo "1977"]
[PlyCount "88"]
[EventDate "2014.11.20"]
[EventType "swiss"]
[EventRounds "7"]
[EventCountry "GER"]
[SourceTitle "CBM 163 Extra"]
[Source "ChessBase"]
[SourceDate "2014.12.23"]
[SourceVersion "1"]
[SourceVersionDate "2014.12.23"]
[SourceQuality "1"]

1. d4 d5 2. c4 c6 3. Nc3 Nf6 4. cxd5 cxd5 5. Bf4 Nc6 6. e3 Bf5 7. Nf3 e6 8. Qb3 Qb6 9. Qxb6 axb6 10. Bb5 Bb4 11. Ne5 Bxc3+ 12. bxc3 0-0 13. Bxc6 bxc6 14. Nxc6 Kh8 15. 0-0 Rfc8 16. Ne7 Rxc3 17. Nxf5 exf5 18. Rfb1 Rc6 19. h3 h6 20. Rb2 Ne4 21. f3 Nc3 22. Bg3 Ra4 23. Be1 Rac4 24. Bxc3 Rxc3 25. Re1 Rc1 26. Rxc1 Rxc1+ 27. Kf2 Rc6 28. f4 g6 29. Kf3 Kg7 30. Rb5 Rd6 31. Rb3 Rc6 32. Ra3 h5 33. Ra6 Kf6 34. a4 Re6 35. Ra7 Rd6 36. Rb7 Rc6 37. g4 hxg4+ 38. hxg4 fxg4+ 39. Kxg4 Re6 40. Rd7 Rxe3 41. Rxd5 Ra3 42. Rd6+ Ke7 43. Rxb6 Rxa4 44. Rb7+ Kf6 1/2-1/2

[Event "Wiesbaden op 25th"]
[Site "Wiesbaden"]
[Date "2013.08.24"]
[Round "5"]
[White "Kreiling, Carsten"]
[Black "Achtmann, Armin Ludwig"]
[Result "1-0"]
[WhiteElo "2111"]
[BlackElo "1963"]
[PlyCount "85"]
[EventDate "2013.08.22"]
[EventType "swiss"]
[EventRounds "7"]
[EventCountry "GER"]
[SourceTitle "EXT 2014"]
[Source "ChessBase"]
[SourceDate "2013.11.20"]
[SourceVersion "1"]
[SourceVersionDate "2013.11.20"]
[SourceQuality "1"]

1. d4 f5 2. Nf3 Nf6 3. g3 e6 4. Bg2 d5 5. c4 c6 6. 0-0 Bd6 7. Bf4 Bxf4 8. gxf4 0-0 9. e3 Nbd7 10. Nbd2 Ne4 11. Rc1 Qe8 12. b4 a6 13. Nxe4 fxe4 14. Ne5 Nxe5 15. fxe5 Bd7 16. f3 exf3 17. Rxf3 Rxf3 18. Qxf3 Qf8 19. Qxf8+ Rxf8 20. cxd5 exd5 21. a4 Kf7 22. Rf1+ Ke7 23. Rxf8 Kxf8 24. e4 dxe4 25. Bxe4 h6 26. Kf2 Ke7 27. h4 g5 28. hxg5 hxg5 29. a5 Kf7 30. Kg3 Kg7 31. Bf3 Kg6 32. Bg4 Bf5 33. Kf3 Bd3 34. Bc8 Bb5 35. Bxb7 Kh5 36. Kg3 Kh6 37. Bc8 Kg6 38. Bd7 Kf7 39. d5 Ke7 40. Bxc6 Be2 41. Kf2 Bc4 42. b5 Kd8 43. b6 1-0

[Event "Karl Mala Memorial op-A 16th"]
[Site "Frankfurt"]
[Date "2013.07.14"]
[Round "6"]
[White "Syrov, Arkadi"]
[Black "Kreiling, Carsten"]
[Result "1/2-1/2"]
[WhiteElo "1990"]
[BlackElo "2111"]
[PlyCount "49"]
[EventDate "2013.07.11"]
[EventType "swiss"]
[EventRounds "7"]
[EventCountry "GER"]
[SourceTitle "EXT 2014"]
[Source "ChessBase"]
[SourceDate "2013.11.20"]
[SourceVersion "1"]
[SourceVersionDate "2013.11.20"]
[SourceQuality "1"]

1. e4 c5 2. Nf3 d6 3. d4 cxd4 4. Nxd4 Nf6 5. Nc3 g6 6. Be3 Bg7 7. f3 Nc6 8. Qd2 0-0 9. 0-0-0 d5 10. Nxc6 bxc6 11. exd5 Nxd5 12. Nxd5 cxd5 13. Qxd5 Qc7 14. Qc5 Qb7 15. Bd4 Bf5 16. Bd3 Rfc8 17. Qa3 Bxd4 18. Bxf5 Bxb2+ 19. Qxb2 Qxb2+ 20. Kxb2 gxf5 21. Rd7 Rab8+ 22. Kc1 Rb6 23. Rhd1 Ra6 24. Kb1 Rb6+ 25. Kc1 1/2-1/2

[Event "Karl Mala Memorial op-A 16th"]
[Site "Frankfurt"]
[Date "2013.07.12"]
[Round "3"]
[White "Kreiling, Carsten"]
[Black "Klundt, Klaus"]
[Result "0-1"]
[WhiteElo "2111"]
[BlackElo "2338"]
[PlyCount "70"]
[EventDate "2013.07.11"]
[EventType "swiss"]
[EventRounds "7"]
[EventCountry "GER"]
[SourceTitle "EXT 2014"]
[Source "ChessBase"]
[SourceDate "2013.11.20"]
[SourceVersion "1"]
[SourceVersionDate "2013.11.20"]
[SourceQuality "1"]

1. d4 Nf6 2. c4 c6 3. Nc3 d5 4. cxd5 cxd5 5. Bf4 Nc6 6. e3 Qb6 7. Bd3 Bg4 8. f3 Bd7 9. Nge2 e6 10. 0-0 Be7 11. a3 Nh5 12. Na4 Qd8 13. Nc5 e5 14. Nxd7 exf4 15. Ne5 fxe3 16. Bb5 0-0 17. Bxc6 bxc6 18. Rc1 Bd6 19. Qd3 Re8 20. f4 Rc8 21. Qxe3 f6 22. Qf3 Nxf4 23. Nxf4 fxe5 24. dxe5 Bxe5 25. b4 Qd6 26. g3 Rf8 27. Qg4 Rce8 28. Nd3 Bf6 29. Rce1 a5 30. Nc5 axb4 31. axb4 Bc3 32. Rxf8+ Rxf8 33. Re6 Qb8 34. Nd7 Qa7+ 35. Nc5 Qa1+ 0-1

[Event "Hessenliga 1213"]
[Site "Germany"]
[Date "2013.04.21"]
[Round "8.4"]
[White "Kreiling, Carsten"]
[Black "Will, Patrick"]
[Result "1/2-1/2"]
[WhiteElo "2114"]
[BlackElo "2095"]
[PlyCount "54"]
[EventDate "2012.09.16"]
[EventType "team-tourn"]
[EventRounds "9"]
[EventCountry "GER"]
[SourceTitle "EXT 2014"]
[Source "ChessBase"]
[SourceDate "2013.11.20"]
[SourceVersion "1"]
[SourceVersionDate "2013.11.20"]
[SourceQuality "1"]
[WhiteTeam "Eppstein"]
[BlackTeam "Bad Nauheim"]
[WhiteTeamCountry "GER"]
[BlackTeamCountry "GER"]

1. d4 c5 2. d5 Nf6 3. c4 b5 4. cxb5 a6 5. bxa6 g6 6. Nc3 Bxa6 7. e4 Bxf1 8. Kxf1 d6 9. Nf3 Nbd7 10. g3 Bg7 11. Kg2 0-0 12. Qe2 Qc7 13. a4 Qb7 14. Bd2 Ra6 15. Nb5 Re8 16. Nc7 Qxc7 17. Qxa6 Nxe4 18. Qc6 Qa7 19. Rhe1 f5 20. Ra3 Rb8 21. Bc3 Bxc3 22. bxc3 Rb2 23. c4 Rxf2+ 24. Kg1 Rb2 25. Qc8+ Kg7 26. Rae3 Rb8 27. Qc6 Rb6 1/2-1/2

[Event "Hessenliga 1213"]
[Site "Germany"]
[Date "2012.12.02"]
[Round "4.5"]
[White "Kreiling, Carsten"]
[Black "Rapoport, Vladimir"]
[Result "1/2-1/2"]
[WhiteElo "2114"]
[BlackElo "2303"]
[PlyCount "82"]
[EventDate "2012.09.16"]
[EventType "team-tourn"]
[EventRounds "9"]
[EventCountry "GER"]
[SourceTitle "EXT 2014"]
[Source "ChessBase"]
[SourceDate "2013.11.20"]
[SourceVersion "1"]
[SourceVersionDate "2013.11.20"]
[SourceQuality "1"]
[WhiteTeam "Eppstein"]
[BlackTeam "Heusenstamm"]
[WhiteTeamCountry "GER"]
[BlackTeamCountry "GER"]

1. d4 Nf6 2. c4 g6 3. Nc3 Bg7 4. e4 0-0 5. Be3 d6 6. f3 c6 7. Qd2 a6 8. Bd3 b5 9. b3 e5 10. d5 cxd5 11. cxd5 Nbd7 12. Nge2 Nc5 13. Bc2 b4 14. Na4 Nxa4 15. bxa4 a5 16. a3 Rb8 17. Rb1 Qc7 18. axb4 axb4 19. Bd3 b3 20. Bb5 Nd7 21. Rxb3 Nc5 22. Qc3 Bd7 23. Bxc5 dxc5 24. 0-0 c4 25. Qxc4 Qa7+ 26. Kh1 Bxb5 27. axb5 Rfc8 28. Qd3 Bh6 29. d6 Rd8 30. Nc3 Bf8 31. Nd5 Rxd6 32. Rfb1 Rdd8 33. g3 Bc5 34. Kg2 Kg7 35. h4 Bd4 36. Ra3 Qc5 37. Rab3 f5 38. b6 fxe4 39. fxe4 Rf8 40. Rf1 Rxf1 41. Qxf1 Qc2+ 1/2-1/2

[Event "Wiesbaden op 24th"]
[Site "Wiesbaden"]
[Date "2012.08.26"]
[Round "7"]
[White "Kreiling, Carsten"]
[Black "Belz, Frank Martin"]
[Result "1/2-1/2"]
[WhiteElo "2114"]
[BlackElo "1969"]
[PlyCount "83"]
[EventDate "2012.08.23"]
[EventType "swiss"]
[EventRounds "7"]
[EventCountry "GER"]
[SourceTitle "CBM 150 Extra"]
[Source "ChessBase"]
[SourceDate "2012.10.19"]
[SourceVersion "1"]
[SourceVersionDate "2012.10.19"]
[SourceQuality "1"]

1. d4 d5 2. c4 c6 3. Nc3 dxc4 4. a4 e5 5. dxe5 Qxd1+ 6. Kxd1 Be6 7. e4 Nd7 8. f4 0-0-0 9. Kc2 g6 10. Nf3 Nc5 11. Be3 Nb3 12. Rb1 Bc5 13. Bxc5 Nxc5 14. Rd1 Rxd1 15. Kxd1 a6 16. Nd4 Nh6 17. Kc2 Rd8 18. Nxe6 Nxe6 19. Bxc4 Nxf4 20. Rf1 Nxg2 21. Rf2 Ne3+ 22. Kb3 Nxc4 23. Kxc4 Ng4 24. Re2 Nxe5+ 25. Kc5 Kc7 26. a5 Nd3+ 27. Kc4 Ne5+ 28. Kc5 Rd3 29. Na4 Nd7+ 30. Kc4 Ne5+ 31. Kc5 Nd7+ 32. Kc4 Ne5+ 33. Kc5 Nd7+ 34. Kc4 Ne5+ 35. Kc5 h5 36. b4 g5 37. Nb6 g4 38. Rf2 Rf3 39. Rd2 Rd3 40. Rf2 Rf3 41. Rd2 Rd3 42. Rf2 1/2-1/2

[Event "Wiesbaden op 24th"]
[Site "Wiesbaden"]
[Date "2012.08.26"]
[Round "6"]
[White "Minor, Samuel"]
[Black "Kreiling, Carsten"]
[Result "1-0"]
[WhiteElo "2222"]
[BlackElo "2114"]
[PlyCount "123"]
[EventDate "2012.08.23"]
[EventType "swiss"]
[EventRounds "7"]
[EventCountry "GER"]
[SourceTitle "CBM 150 Extra"]
[Source "ChessBase"]
[SourceDate "2012.10.19"]
[SourceVersion "1"]
[SourceVersionDate "2012.10.19"]
[SourceQuality "1"]

1. f4 d5 2. Nf3 Nf6 3. g3 g6 4. Bg2 Bg7 5. 0-0 0-0 6. d3 c5 7. Qe1 d4 8. Na3 Nc6 9. Bd2 Rb8 10. c4 e5 11. fxe5 Ng4 12. Bg5 Qb6 13. Nb5 Ncxe5 14. a4 f6 15. Nxe5 Nxe5 16. Bd2 Nc6 17. Bf4 Ne5 18. a5 Qa6 19. Bd5+ Kh8 20. Bxe5 fxe5 21. Rxf8+ Bxf8 22. Qf2 Bf5 23. g4 Bh6 24. Qh4 Be3+ 25. Kh1 g5 26. Qh3 Bg6 27. Nc7 Qd6 28. Nb5 Qa6 29. Nc3 Rf8 30. Ne4 Bxe4+ 31. Bxe4 Rf7 32. Rf1 Bf4 33. Qh5 Qf6 34. Rf3 h6 35. Bg6 Rg7 36. Qxh6+ Kg8 37. Bh7+ Kf7 38. Qh5+ Kf8 39. Be4 Rg8 40. Rh3 Bd2 41. Kg2 Be3 42. Qh6+ Qxh6 43. Rxh6 Rg7 44. Rh8+ Rg8 45. Rxg8+ Kxg8 46. Bxb7 e4 47. dxe4 Kf7 48. Kg3 Kf6 49. h4 gxh4+ 50. Kxh4 Bf4 51. Kh5 Bc1 52. b3 Bd2 53. a6 Bf4 54. Bc8 Be3 55. g5+ Kg7 56. Kg4 Kg6 57. Bf5+ Kg7 58. e5 Bd2 59. g6 Bh6 60. b4 cxb4 61. c5 Be3 62. Bd3 1-0

[Event "Wiesbaden op 24th"]
[Site "Wiesbaden"]
[Date "2012.08.25"]
[Round "4"]
[White "Rump, Andreas"]
[Black "Kreiling, Carsten"]
[Result "0-1"]
[WhiteElo "1984"]
[BlackElo "2114"]
[PlyCount "66"]
[EventDate "2012.08.23"]
[EventType "swiss"]
[EventRounds "7"]
[EventCountry "GER"]
[SourceTitle "CBM 150 Extra"]
[Source "ChessBase"]
[SourceDate "2012.10.19"]
[SourceVersion "1"]
[SourceVersionDate "2012.10.19"]
[SourceQuality "1"]

1. e4 c5 2. Nf3 d6 3. Bb5+ Nd7 4. 0-0 a6 5. Be2 Ngf6 6. Nc3 b5 7. d3 Bb7 8. b3 g6 9. Bb2 Bg7 10. Nd5 0-0 11. c4 e6 12. Nxf6+ Nxf6 13. Qd2 e5 14. h3 b4 15. Nh2 a5 16. a4 Qe7 17. Bc1 Ne8 18. f4 exf4 19. Bb2 Be5 20. Rxf4 Bxf4 21. Qxf4 Bc8 22. Bf3 Ra7 23. e5 dxe5 24. Bxe5 f6 25. Bb8 Rd7 26. Bd5+ Kh8 27. Ng4 Nc7 28. Rf1 Nxd5 29. cxd5 Rxd5 30. Ne5 Bb7 31. Qh4 Rxe5 32. Bxe5 Qxe5 33. Re1 Qd4+ 0-1

[Event "Hessenliga 1112"]
[Site "Germany"]
[Date "2012.04.29"]
[Round "8.4"]
[White "Kreiling, Carsten"]
[Black "Kaiser, Richard"]
[Result "1/2-1/2"]
[WhiteElo "2138"]
[BlackElo "2175"]
[PlyCount "22"]
[EventDate "2011.09.25"]
[EventType "team-tourn"]
[EventRounds "9"]
[EventCountry "GER"]
[SourceTitle "EXT 2013"]
[Source "ChessBase"]
[SourceDate "2012.11.22"]
[SourceVersion "1"]
[SourceVersionDate "2012.11.22"]
[SourceQuality "1"]
[WhiteTeam "Eppstein"]
[BlackTeam "Bad Homburg"]
[WhiteTeamCountry "GER"]
[BlackTeamCountry "GER"]

1. d4 Nf6 2. c4 g6 3. Nc3 Bg7 4. e4 d6 5. f3 0-0 6. Be3 c5 7. Nge2 cxd4 8. Nxd4 Nc6 9. Qd2 Be6 10. Be2 Qa5 11. 0-0 Rfc8 1/2-1/2

[Event "Hessenliga 1112"]
[Site "Germany"]
[Date "2012.01.29"]
[Round "5.5"]
[White "Kreiling, Carsten"]
[Black "Prenzler, Daniel"]
[Result "1/2-1/2"]
[WhiteElo "2138"]
[BlackElo "2203"]
[PlyCount "21"]
[EventDate "2011.09.25"]
[EventType "team-tourn"]
[EventRounds "9"]
[EventCountry "GER"]
[SourceTitle "EXT 2013"]
[Source "ChessBase"]
[SourceDate "2012.11.22"]
[SourceVersion "1"]
[SourceVersionDate "2012.11.22"]
[SourceQuality "1"]
[WhiteTeam "Eppstein"]
[BlackTeam "Nied"]
[WhiteTeamCountry "GER"]
[BlackTeamCountry "GER"]

1. d4 Nf6 2. c4 c5 3. e3 g6 4. Nf3 Bg7 5. Be2 0-0 6. 0-0 d6 7. Nc3 Nbd7 8. b3 e5 9. dxe5 dxe5 10. e4 Nb8 11. Bg5 1/2-1/2

[Event "Wiesbaden op 23rd"]
[Site "Wiesbaden"]
[Date "2011.08.28"]
[Round "7"]
[White "Kreiling, Carsten"]
[Black "Rump, Andreas"]
[Result "1/2-1/2"]
[WhiteElo "2138"]
[BlackElo "1950"]
[PlyCount "58"]
[EventDate "2011.08.25"]
[EventType "swiss"]
[EventRounds "7"]
[EventCountry "GER"]
[SourceTitle "CBM 144 Extra"]
[Source "ChessBase"]
[SourceDate "2011.10.28"]
[SourceVersion "1"]
[SourceVersionDate "2011.10.28"]
[SourceQuality "1"]

1. d4 Nf6 2. c4 e6 3. Nf3 d5 4. Nc3 Be7 5. Bg5 Nbd7 6. cxd5 exd5 7. Qc2 c6 8. e3 0-0 9. Bd3 h6 10. Bh4 Re8 11. 0-0 Nh5 12. Bxe7 Qxe7 13. Rab1 Nhf6 14. b4 a6 15. a4 b5 16. a5 Bb7 17. Rfe1 Ne4 18. Bxe4 dxe4 19. Nd2 Nf6 20. Nb3 Nd5 21. Nc5 Nxc3 22. Qxc3 Rad8 23. Rbc1 Rd6 24. Rc2 Bc8 25. Rec1 Qg5 26. g3 Qh5 27. f4 exf3 28. e4 Rf6 29. Rf2 Bh3 1/2-1/2